000 00428nam a2200169Ia 4500
008 230711s9999||||xx |||||||||||||| ||und||
020 _a978-0-19-948908-4
041 _aENG
082 _a613.2
_bRO-F
100 _aRoday, Sunetra
245 0 _aFood Science and Nutrition
250 _a3rd Ed.
260 _c2018
_aNew Delhi
_bOxford University Press
300 _a441p.
650 _aFood Science and Technology
942 _cBK
999 _c7492
_d7492